| 000 | 01074nam a22002777a 4500 | ||
|---|---|---|---|
| 005 | 20240530110358.0 | ||
| 008 | 150115s2006 ua o a 000 0 ara d | ||
| 017 |
_a2006/19412 _bمصر . دار الكتب المصرية |
||
| 020 | _a9773041913 | ||
| 040 | _aEG-CaGPL | ||
| 041 | 0 | _aara | |
| 082 | 0 | 4 |
_221 _a502 _bط/ ل د |
| 100 | 1 | _aلويلين ، كلير | |
| 245 | 1 | 0 |
_aدورة حياة الضفدعة / _cتاليف كلير لويلين ؛ رسوم سيمون مينديث ؛ ترجمة حسن ابو بكر |
| 260 |
_aالقاهرة : _bدار الياس العصرية للطباعة و النشر ، _c2006 |
||
| 300 |
_a23 ص : _bصور لو ، _c19 سم |
||
| 650 | 0 | 4 | _aكتب الاطفال |
| 650 | 0 | 4 | _aثقافة الطفل |
| 650 | 0 | 4 | _aالكتب و القراءة |
| 650 | 0 | 4 |
_aالضفادع _xتربية |
| 650 | 0 | 4 |
_aالضفادع _xالعادات و السلوك |
| 700 | 1 |
_aمينديث ، سيمون _eرسام |
|
| 700 | 1 |
_aحسن ابو بكر _eمترجم |
|
| 942 |
_2ddc _cBK |
||
| 999 |
_c60207 _d60207 |
||